[Event "Canarias-chT"]
[Site "San Cristobal de La Laguna"]
[Date "2017.06.25"]
[Round "6.1"]
[White "Marin Dorta, Alejandro"]
[Black "Navarro Martinez, Javier"]
[Result "1/2-1/2"]
[WhiteElo "1429"]
[BlackElo "1540"]
[PlyCount "96"]
[EventDate "2017.06.22"]
[EventType "team-swiss"]
[EventRounds "6"]
[EventCountry "ESP"]
[SourceTitle "EXT 2024"]
[Source "ChessBase"]
[SourceDate "2023.10.10"]
[SourceVersion "1"]
[SourceVersionDate "2023.10.10"]
[SourceQuality "1"]
[WhiteTeam "Ebano Casa Venezuela Jovenas"]
[BlackTeam "Roque Niquiomo II"]
[WhiteTeamCountry "ESP"]
[BlackTeamCountry "ESP"]

1. e4 c5 2. Nf3 Nc6 3. c3 d6 4. d4 cxd4 5. cxd4 Nf6 6. Nc3 g6 7. d5 Ne5 8. Nxe5 dxe5 9. Bc4 Bg7 10. 0-0 0-0 11. Bg5 a6 12. a3 Qc7 13. Ba2 Bd7 14. Rc1 Qb6 15. Qd2 Qd4 16. Qxd4 exd4 17. Bxf6 Bxf6 18. Nb1 Rac8 19. f4 e5 20. dxe6 Bxe6 21. Bxe6 fxe6 22. e5 Rxc1 23. Rxc1 Bd8 24. Rc8 Bb6 25. Rxf8+ Kxf8 26. Kf1 Ke7 27. Ke2 Kd7 28. Kd3 Kc6 29. Nd2 Kd5 30. Ne4 Bd8 31. Nd2 g5 32. g3 gxf4 33. gxf4 Bh4 34. Ne4 h6 35. Nf6+ Kc5 36. b4+ Kb5 37. Kxd4 Bf2+ 38. Kc3 Ka4 39. Kb2 Bd4+ 40. Ka2 Be3 41. Ne4 Kb5 42. Nd6+ Kc6 43. f5 exf5 44. Nxf5 Bf4 45. e6 Kc7 46. h4 b5 47. Kb3 Bc1 48. a4 Bd2 1/2-1/2